| 000 | 00761nam a2200229Ii 4500 | ||
|---|---|---|---|
| 003 | JO-AjNU | ||
| 008 | 230605s9999||||xx |||||||||||||| ||und|| | ||
| 017 | _a1979/2342 | ||
| 020 | _a977-7301-92-8 | ||
| 040 |
_aJO-AjNU _bara _erda _cJO-AjNU |
||
| 041 | _aara | ||
| 050 | 1 | 4 | _aHQ1170.J86 1979 |
| 100 | 3 |
_aالجندي، أنور, _eauthor _917537 |
|
| 245 | 0 | 0 | _aالمرأة المسلمة في وجه التحديات |
| 264 | 3 | 1 | _aالقاهرة: دار الاعتصام، 1979 |
| 300 | _a95ص | ||
| 336 |
_atext _btxt _2rdacontent |
||
| 337 |
_aunmediated _bn _2rdamedia |
||
| 338 |
_avolume _bnc _2rdacarrier |
||
| 490 | 0 | _aسلسلة المرأة المسلمة ؛ 5 | |
| 650 | 4 |
_aالمرأة المسلمة - الاصلاح الاجتماعي _917538 |
|
| 999 |
_aA5435 _c9003 _d9003 |
||